LOTR: Elrond - Statistics

General Stats
  • This quiz has been taken 48 times
  • The average score is 11 of 18
Answer Stats
Answer % Correct
his daughter Arwen
89%
As one of the Half-elven, Elrond was allowed to choose to which race he wished to be counted as. What race did Elrond choose? Elves
79%
In the next centuries Elrond received several heirlooms of Isildur and the kings of Arnor for safekeeping until one could reclaim the throne of Arnor and Gondor. What were these 3 heirlooms? Shards of {Narsil}
79%
During the War of the Elves and Sauron, Elrond established an elven outpost in the northern Misty Mountains. What was this outpost called. Rivendell
76%
At the end of the First Age, Elrond chose to stay in Lindon as a healer and loremaster with the last High-King of the Noldor. Who was this king? Gil-Galad
68%
his father Eärendil
66%
his twin brother Elros
63%
his mother Elwing
61%
his twin sons Elladan and Elrohir
58%
his wife who left for the Grey Havens and passed over the Great Sea Celebrían
55%
After the War of the Ring Elrond departed Middle-Earth on a White Ship to Valinor together with Galadriel, Gandalf, Frodo and Bilbo. From which port city did they set sail? Grey Havens
55%
Ring of {Barahir}
55%
Starting during the Second Age, Elrond was a member of a gathering of the Wise, with a purpose to unite and direct the forces of the West, in resistance to the shadow. What was the name of this gathering? White Council
55%
Where was Elrond born? Havens of {Sirion}
50%
During the Third Kinslaying Elrond and his brother were taken captive by the remaining sons of Fëanor. Which son eventually took pity on them and raised them. Maglor
50%
After Sauron's defeat, Elrond was appointed as vice-regent in Eriador. What gift did Elrond receive from his liege? Vilya
47%
The actor who portrayed Elrond in Peter Jackson's trilogy. Hugo Weaving
39%
Sceptre of {Annúminas}
39%
No matching quizzes found
Score Distribution
Percent of People with Each Score
Percentile by Number Answered
Your Score History
You have not taken this quiz